| 000 | 00782nam a2200229 a 4500 | ||
|---|---|---|---|
| 005 | 20210223130521.0 | ||
| 008 | 080617s1986 mx r 000 0 spa d | ||
| 035 | _aUPN01000157010 | ||
| 049 | _aUNE | ||
| 080 | _a37.018.8 (6) =20 EDU No.20. | ||
| 245 | 0 | 0 |
_aEducation for child survival and development in Africa / _cRuth Kagia ... [et al.]. |
| 260 |
_aParís : _bUNESCO ; _bUNICEF, _c1986. |
||
| 300 |
_aiii, 106 p. : _bfot. |
||
| 440 | 0 |
_aChild, Family, Community ; _v20 |
|
| 690 | _aEducación básica - Desarrollo del niño - Africa | ||
| 690 | _aDesarrollo del niño - Educación básica - Africa | ||
| 690 | _aAfrica - Educación básica - Desarrollo del niño | ||
| 700 | 1 |
_aKagia, Ruth , _ecoaut. |
|
| 710 | 2 | _aUNESCO | |
| 710 | 2 |
_aUNICEF _924085 |
|
| 905 | _aUNESCO | ||
| 999 |
_c129124 _d129124 |
||